| 000 | 00853cab a22002175a 4500 | ||
|---|---|---|---|
| 001 | L153382 | ||
| 008 | 110719e20110715xxk 000 0 eng d | ||
| 035 | _a(Sirsi) u153382 | ||
| 041 | 0 | _aeng | |
| 100 | 1 | _aGlackin, Michael | |
| 245 | 0 | 0 |
_aKier knocks Balfour off top spot _bbusiness barometer |
| 260 | _c2011 | ||
| 490 |
_aBuilding _v276 (8687) 15 July 2011, 18-19(2) |
||
| 520 | _aOverview; tables of top contractors including and excluding civils for June 2011; yearly work won June 2010-July 2011; top architects, clients/promoters, and quantity surveyors June 2010 to July 2011 using information from Barbour ABI; output figures; hotel projects; construction output. | ||
| 590 | _aKA | ||
| 651 | 4 |
_aUnited Kingdom _y |
|
| 690 | _aBUILT ENVIRONMENT-CONSTRUCTION MARKET | ||
| 700 | 1 | _aGreen, Brian | |
| 700 | 1 | _aForrest, Kelly | |
| 942 | _n0 | ||
| 999 |
_c83272 _d83272 |
||